Sistema web de gestión de pasantías
Presenta un sistema web de gestión de pasantías (SWGP), tiene como finalidad brindar a los optantes a pasantía de la carrera de Ingeniería en Computación que desean adquirir experiencias en el campo profesional, un instrumento para acceder de forma segura a oportunidades de pasantías del se...
| Main Authors: | , |
|---|---|
| Other Authors: | |
| Format: | Tesis Section = Libro |
| Language: | Undetermined Spanish |
| Published: |
Managua
UNI
2014
|
| Subjects: |
| LEADER | 01315nam a2200289Ia 4500 | ||
|---|---|---|---|
| 008 | 240830s9999 xx 000 0 und d | ||
| 040 | |a BIBLIOTECA-RUSB/ Mon 005.758 E77 | ||
| 041 | |a spa | ||
| 082 | |a Mon 005.758 E77 | ||
| 100 | 1 | |a Espinoza González, Alberto Jesús | |
| 100 | 1 | |b Navarrete González, Marcela Alejandra | |
| 245 | 1 | 0 | |a Sistema web de gestión de pasantías |
| 260 | |a Managua |b UNI |c 2014 | ||
| 300 | |a 106 p. :il. | ||
| 500 | |a Contiene: anexos e incluye: CD. | ||
| 502 | |a Tesis (Ingeniero en Computación) - UNI, 2014. | ||
| 520 | 3 | |a Presenta un sistema web de gestión de pasantías (SWGP), tiene como finalidad brindar a los optantes a pasantía de la carrera de Ingeniería en Computación que desean adquirir experiencias en el campo profesional, un instrumento para acceder de forma segura a oportunidades de pasantías del sector privado, público y autónomo del país | |
| 650 | 7 | |a SISTEMAS DE ALMACENAMIENTO Y RECUPERACION DE LA INFORMACION | |
| 650 | 7 | |b BASES DE DATOS | |
| 650 | 7 | |c PROGRAMAS PARA COMPUTADOR | |
| 650 | 7 | |d ADMINISTRACION Y GESTION DE DATOS ELECTRONICOS | |
| 650 | 7 | |e DISEÑOS DE PAGINAS WEB | |
| 650 | 7 | |f LENGUAJES DE PROGRAMACION | |
| 700 | 1 | |a Tutor: |b Valle Izaguirre, Flor de María | |
| 942 | |c BK |2 ddc | ||
| 991 | |a TESIS | ||
| 999 | |c 19844 | ||